Európska únia a regionálne obchodné dohody
Regionálne obchodné dohody ( regional trade agreements), ako komplementárne nástroje multilaterálnej obchodnej liberalizácie. Regionálne obchodné dohody ako súčasť obchodnej politiky Európskej únie. Charakteristika, zameranie a hodnotenie jednotlivých regionálnych obchodných dohôd. Asociačná dohod...
Guardado en:
| Autor principal: | |
|---|---|
| Formato: | Capítulo de libro |
| Lenguaje: | eslovaco |
| Materias: | |
| Etiquetas: |
Sin Etiquetas, Sea el primero en etiquetar este registro!
|
MARC
| LEADER | 00000naa a2200000 4500 | ||
|---|---|---|---|
| 001 | 0117914 | ||
| 005 | 20230918093205.9 | ||
| 041 | 0 | |a slo | |
| 044 | |a SK | ||
| 245 | 1 | 0 | |a Európska únia a regionálne obchodné dohody |c Richard Melíšek |
| 520 | |a Regionálne obchodné dohody ( regional trade agreements), ako komplementárne nástroje multilaterálnej obchodnej liberalizácie. Regionálne obchodné dohody ako súčasť obchodnej politiky Európskej únie. Charakteristika, zameranie a hodnotenie jednotlivých regionálnych obchodných dohôd. Asociačná dohoda medzi Európskou úniou a Andským spoločenstvom. Dohoda o partnerstve medzi Európskym spoločenstvom a krajinami Afriky, karibskej a tichomorskej oblasti. Dohoda o hospodárskom partnerstve medzi Európskym spoločenstvom a štátmi CARIFORUM-u. | ||
| 610 | 2 | 0 | |a dohody obchodné medzinárodné |
| 610 | 2 | 0 | |a Európska únia |
| 610 | 2 | 0 | |a Svetová obchodná organizácia |
| 610 | 2 | 0 | |a liberalizácia |
| 610 | 2 | 0 | |a obchod medzinárodný |
| 610 | 2 | 0 | |a Afrika |
| 610 | 2 | 0 | |a Karibská oblasť |
| 100 | 1 | |a Melíšek, Richard | |